| 000 | 00425 a2200133 4500 | ||
|---|---|---|---|
| 005 | 20250621052830.0 | ||
| 020 | _a9789976780888 | ||
| 082 | _a657.332 NBA | ||
| 111 | _aNational Board of Accountants and Auditors | ||
| 245 | _aPrinciples of Cost Accounting and Procurement TO6 | ||
| 260 |
_aDar Es Salaam _bNational Board of Accountants and Auditors _c2019. |
||
| 300 |
_av,309p.: ill.; figures, tables _c29cm |
||
| 942 |
_2ddc _cBKS |
||
| 999 |
_c4556 _d4556 |
||